Agenda del Presidencia 29-01-2012 (Record no. 12240)
[ view plain ]
| 000 -LEADER | |
|---|---|
| campo de control de longitud fija | 00414nam a2200133Ia 4500 |
| 001 - NÚMERO DE CONTROL | |
| campo de control | 3106 |
| 008 - DATOS DE LONGITUD FIJA--INFORMACIÓN GENERAL | |
| campo de control de longitud fija | 241024s9999 xx 000 0 und d |
| 082 ## - NÚMERO DE LA CLASIFICACIÓN DECIMAL DEWEY | |
| Número de clasificación | [*SIN CLASIFICACION*] |
| 100 ## - ENTRADA PRINCIPAL--NOMBRE DE PERSONA | |
| Nombre de persona | Presidencia de la República Dominicana. Oficina de Información |
| 245 #0 - MENCIÓN DEL TÍTULO | |
| Título | Agenda del Presidencia 29-01-2012 |
| 260 ## - PUBLICACIÓN, DISTRIBUCIÓN, ETC. | |
| Nombre del editor, distribuidor, etc. | Santo Domingo, República Dominicana, |
| Fecha de publicación, distribución, etc. | 2012 |
| 901 ## - ELEMENTOS DE DATOS A LOCAL LDA (RLIN) | |
| a | 31/7/2013 1:59:22 p.m. |
No items available.